| 000 | 00680nam a2200217 u 4500 | ||
|---|---|---|---|
| 005 | 20240228063620.0 | ||
| 008 | 160209s2010 es r 000 0 spa d | ||
| 020 | _a9788496423824 | ||
| 035 | _aUPN01000208031 | ||
| 049 | _aI | ||
| 050 | 4 |
_aPZ26.3 _bK4.7 |
|
| 100 | 1 |
_aKerloc'h, Jean-Pierre _937030 |
|
| 245 | 1 | 0 |
_aSeis maridos para una ratita / _cJean-Pierre Kerloc'h ; il. Christian Guibbaud ; tr. Carlos López Ortiz. |
| 260 |
_aEspaña : _bJaguar, _c2010. |
||
| 300 |
_a[26] p. : _bprincipalmente il. col. |
||
| 440 | 0 | _aMiau | |
| 650 | 0 |
_aAnimales _vCuentos y leyendas _9234 |
|
| 650 | 4 |
_aLiteratura infantil francesa _913687 |
|
| 905 | _aInfantil | ||
| 999 |
_c180132 _d180132 |
||